[Event "Graz op"]
[Site "Graz"]
[Date "2006.09.23"]
[Round "8.13"]
[White "Zoebisch, Herbert"]
[Black "Hatzl, Johannes"]
[Result "1/2-1/2"]
[WhiteElo "2142"]
[BlackElo "2084"]
[PlyCount "68"]
[EventDate "2006.09.16"]

1. d4 d5 2. c4 c6 3. Nf3 e6 4. Nc3 dxc4 5. a4 Bb4 6. e3 b5 7. Bd2 Qe7 8. axb5
Bxc3 9. Bxc3 cxb5 10. d5 Nf6 11. d6 Qb7 12. b3 Nbd7 13. bxc4 b4 14. Bd4 a5 15.
Be2 b3 16. c5 a4 17. Nd2 b2 18. Bxb2 Qxb2 19. c6 Nc5 20. d7+ Nfxd7 21. cxd7+
Bxd7 22. O-O O-O 23. Nc4 Qb7 24. Nd6 Qd5 25. Bf3 Qxd1 26. Rfxd1 Ra7 27. Ra3 Nb3
28. Rd3 Rc7 29. g3 Rc1+ 30. Kg2 Nc5 31. Rdc3 Rxc3 32. Rxc3 Na6 33. Bb7 Nb8 34.
e4 f6 1/2-1/2

[Event "Graz op"]
[Site "Graz"]
[Date "2006.09.23"]
[Round "8.14"]
[White "Kainrath, Florian"]
[Black "Wanderer, Thomas"]
[Result "0-1"]
[WhiteElo "2025"]
[BlackElo "2177"]
[PlyCount "116"]
[EventDate "2006.09.16"]

1. e4 c5 2. d4 cxd4 3. c3 d3 4. Bxd3 d6 5. c4 Nd7 6. Nf3 Ngf6 7. Nc3 e6 8. O-O
Be7 9. Qe2 O-O 10. Rd1 Qc7 11. Bf4 Nh5 12. Be3 a6 13. Rac1 b6 14. e5 dxe5 15.
Bxh7+ Kxh7 16. Ng5+ Bxg5 17. Qxh5+ Bh6 18. Bxh6 gxh6 19. Ne4 f6 20. Rc3 Nc5 21.
Nd6 Rg8 22. b4 Na4 23. Rcd3 Nb2 24. Nf7 Rg6 25. Nxh6 Rxh6 26. Rd7+ Qxd7 27.
Rxd7+ Bxd7 28. Qf7+ Kh8 29. Qxd7 Nxc4 30. Qxe6 b5 31. h3 Rg6 32. g3 Kh7 33. Qc6
Ra7 34. a4 f5 35. Qc5 Rb7 36. axb5 axb5 37. Qc8 Nd6 38. Qc5 Re7 39. Kf1 Kg7 40.
h4 Rge6 41. Qc1 Ne4 42. f3 Nxg3+ 43. Kf2 f4 44. Qc5 Kf6 45. Qxb5 Rd6 46. Qb8
Rd2+ 47. Kg1 Red7 48. Qf8+ Ke6 49. Qe8+ Kd6 50. b5 e4 51. fxe4 Kc7 52. Qf8 Kb7
53. Qf6 R2d6 54. Qe5 Rd2 55. Qf6 R7d6 56. Qf7+ Kb6 57. e5 R6d3 58. e6 Rc2 0-1

[Event "Graz op"]
[Site "Graz"]
[Date "2006.09.23"]
[Round "8.15"]
[White "Kopinits, Anna-Christina"]
[Black "Neuberger, Marco"]
[Result "1-0"]
[WhiteElo "2077"]
[BlackElo "1908"]
[PlyCount "120"]
[EventDate "2006.09.16"]

1. e4 c5 2. b3 Nc6 3. Bb2 d6 4. Bb5 Bd7 5. Nc3 Nf6 6. f4 a6 7. Bxc6 Bxc6 8. d3
e6 9. Qe2 Qc7 10. Nf3 Be7 11. O-O O-O 12. e5 Nd7 13. Rae1 Rae8 14. exd6 Bxd6
15. Ne5 Nxe5 16. fxe5 Be7 17. Ne4 Bxe4 18. Qxe4 f5 19. exf6 Bxf6 20. Bc1 Bd4+
21. Kh1 Rxf1+ 22. Rxf1 Qd7 23. a4 Qd5 24. Qg4 Rf8 25. Rxf8+ Kxf8 26. Bd2 Bf6
27. Kg1 Ke7 28. Kf1 h5 29. Qc4 Qf5+ 30. Qf4 Qd5 31. Be3 Qd6 32. Ke2 b6 33.
Qxd6+ Kxd6 34. Bf4+ Be5 35. Kf3 Kd5 36. Be3 a5 37. c4+ Kd6 38. h3 Bf6 39. Ke4
g6 40. Bf2 g5 41. Bg3+ Kd7 42. Be5 Bd8 43. Bg7 Bc7 44. Bf6 g4 45. hxg4 hxg4 46.
Be5 Bxe5 47. Kxe5 g3 48. Kf4 Kd6 49. Kxg3 Ke5 50. Kf3 Kd4 51. Ke2 Ke5 52. Ke3
Kf5 53. Kf3 Kg5 54. g4 e5 55. Ke4 Kxg4 56. Kxe5 Kf3 57. Kd6 Ke3 58. Kc6 Kxd3
59. Kxb6 Kc3 60. Kxc5 Kxb3 1-0

[Event "Graz op"]
[Site "Graz"]
[Date "2006.09.23"]
[Round "8.16"]
[White "Dobay, Klaus"]
[Black "Wallner, Dieter"]
[Result "1/2-1/2"]
[WhiteElo "2004"]
[BlackElo "2100"]
[PlyCount "49"]
[EventDate "2006.09.16"]

1. d4 d5 2. Nf3 Nf6 3. e3 e6 4. Nbd2 c5 5. Bb5+ Bd7 6. Bxd7+ Nbxd7 7. O-O Bd6
8. c4 O-O 9. b3 cxd4 10. Nxd4 a6 11. Bb2 Ne5 12. Qe2 dxc4 13. Nxc4 Nxc4 14.
Qxc4 Rc8 15. Qe2 Qa5 16. a3 Bb8 17. Rac1 Qe5 18. Nf3 Qf5 19. Rfd1 e5 20. g3 h6
21. Kg2 Rxc1 22. Rxc1 Re8 23. Qc2 e4 24. Nd4 Qd7 25. Qc5 1/2-1/2

[Event "Graz op"]
[Site "Graz"]
[Date "2006.09.23"]
[Round "8.17"]
[White "Zechner, Andrea"]
[Black "Papakonstantinou, Spyridon"]
[Result "1/2-1/2"]
[WhiteElo "1884"]
[BlackElo "2113"]
[PlyCount "137"]
[EventDate "2006.09.16"]

1. d4 Nf6 2. c4 c5 3. d5 b5 4. cxb5 a6 5. bxa6 d6 6. Nc3 Bxa6 7. e4 Bxf1 8.
Kxf1 g6 9. g3 Bg7 10. Kg2 O-O 11. Nf3 Nbd7 12. h3 Nb6 13. Qc2 Nfd7 14. b3 c4
15. Bb2 cxb3 16. axb3 Qc7 17. Qd2 Qb7 18. Na4 Bxb2 19. Nxb2 Nc5 20. Qe3 Nbd7
21. Nd4 Nf6 22. f3 Rfe8 23. Nc4 Qb4 24. Nc6 Qxb3 25. Qxb3 Nxb3 26. Rxa8 Rxa8
27. Rb1 Ra2+ 28. Kg1 Nc5 29. Nxe7+ Kf8 30. Nc8 Nh5 31. N8xd6 Nxg3 32. Rb2 Ra1+
33. Kg2 Nh5 34. Ne3 Nf4+ 35. Kg3 Rg1+ 36. Kh2 Re1 37. Ndc4 Ncd3 38. Ra2 Nc1 39.
Rc2 Nb3 40. Rb2 Nd4 41. Rb8+ Kg7 42. d6 Re2+ 43. Kg3 Nh5+ 44. Kg4 Re1 45. Rb2
Nf6+ 46. Kg3 Ne6 47. Rd2 Nh5+ 48. Kf2 Rh1 49. Kg2 Ra1 50. d7 Ra8 51. Nb6 Rb8
52. Nec4 Nd8 53. Ra2 Kf8 54. Ra7 Nf4+ 55. Kg3 Nfe6 56. f4 Nc6 57. Ra2 Nc5 58.
Kf3 Ke7 59. Rd2 Rd8 60. Nd5+ Kxd7 61. Nf6+ Ke7 62. Rxd8 Nxd8 63. Nxh7 f6 64.
Nb6 Kf7 65. Nd5 Nd7 66. e5 fxe5 67. fxe5 Nxe5+ 68. Ke4 Ndc6 69. Ng5+ 1/2-1/2

[Event "Graz op"]
[Site "Graz"]
[Date "2006.09.23"]
[Round "8.19"]
[White "Brunner, Gerhard"]
[Black "Westermayer, Johann"]
[Result "1/2-1/2"]
[WhiteElo "1944"]
[BlackElo "1723"]
[PlyCount "48"]
[EventDate "2006.09.16"]

1. e4 c5 2. Nf3 g6 3. d4 Bg7 4. Nc3 cxd4 5. Nxd4 Nc6 6. Be3 Nf6 7. f3 O-O 8.
Qd2 d5 9. exd5 Nxd5 10. Nxc6 bxc6 11. Nxd5 Qxd5 12. Qxd5 cxd5 13. c3 Rb8 14.
O-O-O Be6 15. Bd3 d4 16. Bxd4 Bxd4 17. cxd4 Bxa2 18. Rd2 Rbc8+ 19. Rc2 Rxc2+
20. Kxc2 Rc8+ 21. Kd2 Rb8 22. Kc3 Rc8+ 23. Kb4 Rb8+ 24. Kc3 Rc8+ 1/2-1/2

[Event "Graz op"]
[Site "Graz"]
[Date "2006.09.24"]
[Round "9.2"]
[White "Danner, Georg"]
[Black "Balinov, Ilia"]
[Result "1/2-1/2"]
[WhiteElo "2411"]
[BlackElo "2454"]
[PlyCount "20"]
[EventDate "2006.09.16"]

1. d4 d5 2. c4 c6 3. e3 Nf6 4. Nf3 Bf5 5. cxd5 cxd5 6. Qb3 Qc7 7. Bd2 a6 8. Nc3
e6 9. Rc1 Nc6 10. Ne5 Bd6 1/2-1/2

[Event "Graz op"]
[Site "Graz"]
[Date "2006.09.24"]
[Round "9.4"]
[White "Diermair, Andreas"]
[Black "Zakharchenko, Arnold"]
[Result "1/2-1/2"]
[WhiteElo "2357"]
[BlackElo "2275"]
[PlyCount "49"]
[EventDate "2006.09.16"]

1. e4 c5 2. Nf3 g6 3. d4 cxd4 4. Nxd4 Nc6 5. c4 Nf6 6. Nc3 d6 7. Be2 Nxd4 8.
Qxd4 Bg7 9. Bg5 O-O 10. Qd2 Be6 11. f3 Rc8 12. b3 b5 13. e5 b4 14. Nb5 dxe5 15.
Nxa7 Rc7 16. Qxd8 Rxd8 17. Be3 Ra8 18. Nb5 Rc6 19. Kf2 Ne8 20. a4 bxa3 21. Rxa3
Rxa3 22. Nxa3 f5 23. g3 Nd6 24. c5 f4 25. gxf4 1/2-1/2

[Event "Graz op"]
[Site "Graz"]
[Date "2006.09.24"]
[Round "9.6"]
[White "Wittmann, Walter"]
[Black "Kokol, Peter"]
[Result "1/2-1/2"]
[WhiteElo "2361"]
[BlackElo "2165"]
[PlyCount "35"]
[EventDate "2006.09.16"]

1. e4 e5 2. Nf3 Nf6 3. Nxe5 d6 4. Nf3 Nxe4 5. d4 d5 6. Bd3 Be7 7. O-O Nc6 8. c4
Nb4 9. cxd5 Nxd3 10. Qxd3 Qxd5 11. Re1 Bf5 12. Nc3 Nxc3 13. Qxc3 Be6 14. Re5
Qc6 15. Ng5 Qxc3 16. bxc3 Bd6 17. Re2 Kd7 18. Nxe6 1/2-1/2

[Event "Graz op"]
[Site "Graz"]
[Date "2006.09.24"]
[Round "9.8"]
[White "Schachinger, Mario"]
[Black "Webersberger, Johann"]
[Result "1-0"]
[WhiteElo "2277"]
[BlackElo "2264"]
[PlyCount "115"]
[EventDate "2006.09.16"]

1. e4 e6 2. d4 d5 3. Nc3 Nf6 4. Bg5 dxe4 5. Nxe4 Be7 6. Nxf6+ Bxf6 7. Bxf6 Qxf6
8. Nf3 O-O 9. Qd2 c5 10. O-O-O cxd4 11. Qxd4 Nc6 12. Qxf6 gxf6 13. Bb5 Ne7 14.
Rd2 a6 15. Be2 b5 16. Rhd1 Nd5 17. Nd4 Bb7 18. Bf3 Rfd8 19. Nf5 Rd7 20. Bxd5
Bxd5 21. Ne3 Rad8 22. Nxd5 exd5 23. Rd4 Re8 24. Rxd5 Rxd5 25. Rxd5 Re2 26. Rf5
Kg7 27. Kd1 Re6 28. Rf3 Kg6 29. Kd2 f5 30. c3 h5 31. b3 Rc6 32. Rf4 Kf6 33. Rh4
Rd6+ 34. Rd4 Rc6 35. c4 bxc4 36. bxc4 Re6 37. Kc3 Re1 38. Rd2 Ke6 39. Kb4 Rc1
40. Kc5 f4 41. g3 Rh1 42. Rd4 fxg3 43. hxg3 Ra1 44. Rd6+ Ke7 45. Rxa6 Rf1 46.
f4 Rf3 47. Rh6 Ra3 48. Kb6 Rxa2 49. Rxh5 Ra3 50. g4 Rg3 51. Re5+ Kd7 52. Rd5+
Ke7 53. g5 Rb3+ 54. Kc7 f6 55. gxf6+ Kxf6 56. c5 Rb4 57. f5 Re4 58. c6 1-0

[Event "Graz op"]
[Site "Graz"]
[Date "2006.09.24"]
[Round "9.9"]
[White "Seuss, Oswald"]
[Black "Schnider, Gert"]
[Result "0-1"]
[WhiteElo "2154"]
[BlackElo "2270"]
[PlyCount "150"]
[EventDate "2006.09.16"]

1. e4 e5 2. Nf3 Nc6 3. Bb5 a6 4. Ba4 Nf6 5. O-O Be7 6. Re1 b5 7. Bb3 O-O 8. h3
d6 9. c3 Na5 10. Bc2 c5 11. d4 Qc7 12. Nbd2 cxd4 13. cxd4 Nc6 14. Nb3 a5 15.
Be3 a4 16. Nbd2 Bd7 17. Rc1 Rfc8 18. Nf1 Qb7 19. Ng3 Rc7 20. Bb1 Rac8 21. dxe5
dxe5 22. Nf5 Bb4 23. Nd6 Bxd6 24. Qxd6 Ne8 25. Qd2 Rd8 26. Qe2 f6 27. Rc5 Na5
28. Rxc7 Nxc7 29. Rd1 Ne6 30. Rd5 Rc8 31. Rd1 Bc6 32. Nd2 Rd8 33. f3 Nd4 34.
Qf2 Be8 35. Rc1 Bf7 36. Kh2 Nc4 37. Nf1 Be6 38. Re1 Nxe3 39. Nxe3 Qf7 40. a3
Qc7 41. Rd1 Qc5 42. Nc2 Bb3 43. Rd2 Bxc2 44. Rxc2 Qd6 45. Ba2+ Kh8 46. Rc1 h6
47. Bd5 f5 48. Qe1 Qf6 49. Rc7 f4 50. Qc1 Kh7 51. Rc8 Ne2 52. Qc5 Nd4 53. Qc7
Rxc8 54. Qxc8 h5 55. Kg1 Kh6 56. Kf2 Kg5 57. Kf1 Kh4 58. Qc1 Qa6 59. Qe1+ Kg5
60. Qb4 Qf6 61. Qc5 Kh4 62. Qc1 Qg5 63. Qe1+ Qg3 64. Qc1 g5 65. Qd1 Qh2 66.
Qe1+ Qg3 67. Qd1 g4 68. hxg4 hxg4 69. fxg4 Qh2 70. Kf2 Qg3+ 71. Kf1 Kg5 72. Qc1
Qd3+ 73. Kf2 Qe2+ 74. Kg1 Kh4 75. Qc3 f3 0-1

[Event "Graz op"]
[Site "Graz"]
[Date "2006.09.24"]
[Round "9.11"]
[White "Wanderer, Thomas"]
[Black "Cojhter, Karel"]
[Result "1-0"]
[WhiteElo "2206"]
[BlackElo "2089"]
[PlyCount "71"]
[EventDate "2006.09.16"]

1. e4 c6 2. c4 d5 3. cxd5 cxd5 4. exd5 Nf6 5. Nc3 Nxd5 6. Nf3 e6 7. Bc4 Be7 8.
O-O Nxc3 9. bxc3 Qc7 10. Bb3 O-O 11. Re1 Bf6 12. Qe2 Nc6 13. Bc2 e5 14. d4 exd4
15. Ba3 g6 16. Bxf8 Kxf8 17. Nxd4 Ne5 18. Bb3 Bg4 19. Qe3 Bd7 20. Qf4 Kg7 21.
Re3 Qc5 22. Rae1 Re8 23. Qg3 Re7 24. h3 h5 25. Re4 Nc6 26. Rxe7 Nxe7 27. Qe3
Qa5 28. Qf3 Nc6 29. Qd5 Bxd4 30. Qxd7 Qxc3 31. Qxf7+ Kh6 32. Qf4+ Kh7 33. Rd1
Qb2 34. Qf7+ Kh6 35. Qf8+ Kh7 36. Bg8+ 1-0

[Event "Graz op"]
[Site "Graz"]
[Date "2006.09.24"]
[Round "9.12"]
[White "Nickl, Klaus"]
[Black "Kopinits, Anna-Christina"]
[Result "1/2-1/2"]
[WhiteElo "2181"]
[BlackElo "2096"]
[PlyCount "118"]
[EventDate "2006.09.16"]

1. d4 d5 2. a3 Nf6 3. Nf3 e6 4. Bf4 Be7 5. e3 O-O 6. c4 dxc4 7. Bxc4 a6 8. O-O
b5 9. Ba2 c5 10. dxc5 Bxc5 11. Nc3 Qb6 12. Rc1 Bb7 13. b4 Be7 14. Qd4 Nbd7 15.
Rfd1 Rfc8 16. Ne2 Bd5 17. Bxd5 Nxd5 18. Ne5 Qxd4 19. Nxd4 Nxe5 20. Bxe5 Nb6 21.
Nc6 Bf8 22. Na5 f6 23. Bd4 Rxc1 24. Rxc1 Rc8 25. Rxc8 Nxc8 26. Bc5 Bxc5 27.
bxc5 Kf7 28. Kf1 e5 29. e4 Ke6 30. Ke2 Na7 31. Kd3 Kd7 32. Kc3 Nc6 33. Nb7 a5
34. Kd3 a4 35. Kc3 Kc7 36. Nd6 Nd4 37. Ne8+ Kc6 38. Nxg7 Kxc5 39. Ne8 Ne2+ 40.
Kb2 Nf4 41. Nxf6 Kd4 42. g4 Nd3+ 43. Ka2 Nxf2 44. g5 Nxe4 45. Nxh7 Nc3+ 46. Kb2
Nd5 47. g6 Ne7 48. g7 Ng8 49. Ng5 Kd3 50. Ne6 e4 51. Nf4+ Kd2 52. Nd5 Nh6 53.
Nc3 e3 54. Nxb5 Kd3 55. Nc3 e2 56. Nxe2 Kxe2 57. Kc3 Ke3 58. Kb4 Kd4 59. Kxa4
Kc4 1/2-1/2

[Event "Graz op"]
[Site "Graz"]
[Date "2006.09.24"]
[Round "9.13"]
[White "Brem, Stephan"]
[Black "Huber, Adolf"]
[Result "0-1"]
[WhiteElo "2142"]
[BlackElo "2058"]
[PlyCount "72"]
[EventDate "2006.09.16"]

1. Nc3 Nc6 2. e4 e5 3. f4 Be7 4. fxe5 Nxe5 5. d4 Ng6 6. Bc4 d6 7. Nf3 Nf6 8.
O-O O-O 9. Qe2 c6 10. Bd3 Nd7 11. Nd1 Bf6 12. c3 Qc7 13. Ne3 Nf4 14. Qc2 Nxd3
15. Qxd3 g6 16. Ng4 Bg7 17. Nh6+ Kh8 18. Ng5 Bxh6 19. Nxf7+ Rxf7 20. Rxf7 Bg7
21. Qh3 Qd8 22. Bh6 Ne5 23. Bxg7+ Kg8 24. Rf8+ Qxf8 25. Bxf8 Bxh3 26. Be7 Nf7
27. gxh3 Re8 28. Bf6 Rxe4 29. Rf1 Nh6 30. Rf2 Nf5 31. Kg2 h6 32. Kf3 Re8 33.
Kg4 Kf7 34. Bh4 Re4+ 35. Rf4 Rxf4+ 36. Kxf4 Nxh4 0-1

[Event "Graz op"]
[Site "Graz"]
[Date "2006.09.24"]
[Round "9.14"]
[White "Sarre, Sascha"]
[Black "Zoebisch, Herbert"]
[Result "1/2-1/2"]
[WhiteElo "2080"]
[BlackElo "2194"]
[PlyCount "25"]
[EventDate "2006.09.16"]

1. c4 c5 2. Nc3 Nf6 3. g3 e6 4. Nf3 Nc6 5. Bg2 d5 6. cxd5 Nxd5 7. O-O Be7 8. d4
O-O 9. Nxd5 exd5 10. dxc5 Bxc5 11. Qc2 Bb6 12. Ng5 g6 13. Qd2 1/2-1/2

[Event "Graz op"]
[Site "Graz"]
[Date "2006.09.24"]
[Round "9.15"]
[White "Wallner, Dieter"]
[Black "Kainrath, Florian"]
[Result "1-0"]
[WhiteElo "2151"]
[BlackElo "2080"]
[PlyCount "87"]
[EventDate "2006.09.16"]

1. e4 c5 2. Nf3 Nc6 3. d4 cxd4 4. Nxd4 Nf6 5. Nc3 e5 6. Ndb5 d6 7. Bg5 a6 8.
Na3 Be6 9. Nc4 Rc8 10. Nd5 Bxd5 11. Bxf6 gxf6 12. Qxd5 Nb4 13. Qd2 d5 14. exd5
Nxc2+ 15. Qxc2 Bb4+ 16. Kd1 b5 17. Qe4 bxc4 18. Bxc4 Qb6 19. Ke2 Bc5 20. b3 Rg8
21. Rhd1 Rd8 22. Rd3 Bxf2 23. g3 Rg6 24. Rf1 Bc5 25. Rdf3 Rd6 26. Qh4 Bd4 27.
Rd1 h6 28. Qe4 Kf8 29. Kf1 Kg7 30. Kg2 a5 31. Rc1 Kf8 32. Bd3 Ke7 33. Rff1 Qb7
34. Rc6 Rxc6 35. dxc6 Qc7 36. Qd5 Rg7 37. Qf3 Qd6 38. Rc1 Bb6 39. Rd1 Bd4 40.
Be4 Rg8 41. Bf5 Qc5 42. Rd2 Qd6 43. Rc2 Bb6 44. c7 1-0

[Event "Graz op"]
[Site "Graz"]
[Date "2006.09.24"]
[Round "9.16"]
[White "Papakonstantinou, Spyridon"]
[Black "Dobay, Klaus"]
[Result "1-0"]
[WhiteElo "2147"]
[BlackElo "2004"]
[PlyCount "75"]
[EventDate "2006.09.16"]

1. d4 f5 2. g3 Nf6 3. Bg2 g6 4. c4 Bg7 5. Nh3 O-O 6. Nc3 d6 7. d5 e5 8. dxe6 c6
9. Qb3 Na6 10. Be3 Qe7 11. O-O Ng4 12. Bg5 Qxe6 13. Bf4 Ne5 14. Rad1 Nc5 15.
Qc2 Nxc4 16. Nb5 Na6 17. Ng5 Qf6 18. Qxc4+ d5 19. Bxd5+ cxd5 20. Qxd5+ Kh8 21.
Nd6 h6 22. Ndf7+ Rxf7 23. Nxf7+ Kh7 24. Be5 Qe7 25. Bxg7 Kxg7 26. Nd6 Be6 27.
Qe5+ Qf6 28. Qxf6+ Kxf6 29. b3 b6 30. Nb5 Nc5 31. b4 Ne4 32. f3 Ng5 33. Nc7 Rc8
34. Nxe6 Nxe6 35. Rc1 Re8 36. Rfd1 Kg5 37. Kf2 Re7 38. Rd6 1-0

[Event "Graz op"]
[Site "Graz"]
[Date "2006.09.24"]
[Round "9.17"]
[White "Zechner, Andrea"]
[Black "Spelec, Darko"]
[Result "1/2-1/2"]
[WhiteElo "1884"]
[BlackElo "2063"]
[PlyCount "61"]
[EventDate "2006.09.16"]

1. d4 Nf6 2. c4 e6 3. Nf3 Bb4+ 4. Bd2 Be7 5. Nc3 d5 6. Bg5 O-O 7. e3 h6 8. Bh4
Re8 9. Bd3 a6 10. a4 dxc4 11. Bxc4 Nbd7 12. O-O Nb6 13. Bd3 Nbd5 14. Rc1 b6 15.
e4 Nxc3 16. Rxc3 Bb7 17. Qe2 Qd7 18. Rfc1 c5 19. dxc5 bxc5 20. b3 Red8 21. Bb1
Qe8 22. Bxf6 gxf6 23. Nh4 f5 24. exf5 Bxh4 25. Qg4+ Bg5 26. Rc4 Kf8 27. Re1 Bd5
28. Rxc5 Rab8 29. f4 Bf6 30. Rc7 Rd7 31. Rcc1 1/2-1/2

[Event "Graz op"]
[Site "Graz"]
[Date "2006.09.24"]
[Round "9.18"]
[White "Westermayer, Johann"]
[Black "Bergen, Klaus"]
[Result "1/2-1/2"]
[WhiteElo "1865"]
[BlackElo "1997"]
[PlyCount "32"]
[EventDate "2006.09.16"]

1. Nf3 Nf6 2. c4 g6 3. d4 Bg7 4. Nc3 d6 5. g3 O-O 6. Bg2 Nbd7 7. O-O e5 8. e4
c6 9. h3 Qb6 10. c5 dxc5 11. dxe5 Ne8 12. Na4 Qc7 13. Bf4 Nxe5 14. Nxe5 Bxe5
15. Bxe5 Qxe5 16. Qc2 b6 1/2-1/2